Visualizzazione normale
Vista MARC
- Trampetti
di Personal Name
Records bibliografici associati: 1
001 - CONTROL NUMBER
- control field: 17781
003 - CONTROL NUMBER IDENTIFIER
- control field: IT-RoPau
005 - DATE AND TIME OF LATEST TRANSACTION
- control field: 20140331164542.0
008 - FIXED-LENGTH DATA ELEMENTS
- fixed length control field: 140331|| aca||aabn | a|a d
040 ## - CATALOGING SOURCE
- Original cataloging agency: IT-RoPau
- Transcribing agency: IT-RoPau
100 ## - HEADING--PERSONAL NAME
- Personal name: Trampetti
- Miscellaneous information: Codice autore testo/musica SPICS: 28238
- Relator term: Autore testo/musica
- Name of part/section of a work: You Know What I mean - Guru Guru He
670 ## - SOURCE DATA FOUND
- Source citation: Work cat.: (IT-RoPau)99007: AA.VV. 794, Passaggio da oriente